00536nam a2200169Ia 4500008004100000020001500041041001200056082001100068100001600079245004100095260003300136300000800169650001500177942000700192999001500199952015200214221030s9999 xx 000 0 und d a8174462414 aEnglish a105.23 aA. Banerjee 0aFinancial Accountingcby A. Banerjee bExcel BooksaNew Delhic2003 a528 aManagement cBK c1245d1245 pMBA 34g275.00l0o105.23 r2024-04-19 00:00:00w2022-10-30yBK004070aMIETLIBbMIETLIBcBL-Second, FL-1, CUP-62, SH-6, R-6d2005-03-0410HMBA